| 000 | 02692nam a22004337a 4500 | ||
|---|---|---|---|
| 003 | BO-EaUP | ||
| 005 | 20260505112010.0 | ||
| 008 | 260505b2023 ck |||||r|||| 00| 0 spasd | ||
| 020 | _a978-958-503-619-2 | ||
| 040 |
_aBO-EaUP _cBiblioadmiempresas _eRDA _bspa |
||
| 041 |
_aspa _hspa |
||
| 043 | _as-ck | ||
| 082 |
_221 _a388.044 |
||
| 092 |
_a388.044 _eLOGÍSTICA _SM8271g.2 |
||
| 100 |
_aMora García, Luís Anibal _eAutor _955 _d1963- |
||
| 245 | 1 | 0 |
_aLogística del trasporte y distribución de carga / _cLuís Mora G. |
| 250 | _aSegunda edición | ||
| 260 |
_aBogotá : _bEcoe Ediciones, _c2023 |
||
| 300 |
_axxviii, 248 páginas ; _bIlustraciones (blanco y negro), tablas, gráficos, figuras ; Tapa blanda ; _c17 x 24 centímetros ; _fimpreso |
||
| 336 |
_2rdacontent _atexto _btxt |
||
| 337 |
_2rdamedia _ano mediado _bn |
||
| 338 |
_2rdacarrier _avolumen _bnc |
||
| 505 | 2 | _aCapítulo 1. Marco competitivo del transporte.- | |
| 505 | 2 | _aCapítulo 2. Sistema Internacional del transporte de carga.- | |
| 505 | 2 | _aCapítulo 3. Gestión de los costos, fletes, seguros e indicadores.- | |
| 505 | 2 | _aCapítulo 4. Operaciones de optimización de transporte y distribución.- | |
| 505 | 2 | _aCapítulo 5. Sistemas de empaques y embalajes en el transporte.- | |
| 505 | 2 | _aCapítulo 6. Operadores logísticos de mercancía 3PL y 4PL.- | |
| 505 | 2 | _aCapítulo 7. Sistemas, tecnología y tendencias del transporte de carga.- | |
| 505 | 2 | _aCapítulo 8. Transporte inteligente (Smart Transportation) herramientas tecnológicas de innovación aplicadas al transporte de carga terrestre.-- | |
| 520 | _aLogística del transporte y distribución analiza la evolución del transporte hacia la operación logística integral orientada a ofrecer un servicio óptimo en el manejo de carga acorde con las necesidades del mercado y presenta las mejores prácticas y herramientas de optimización operativa y tecnológica a las empresas y operadores logísticos del mercado en Latinoamérica. En su segunda edición, se enfoca en mostrar y presentar la evolución del transporte de carga hacia la hacia la distribución 4.0 en el marco de la revolución tecnológica y digital del mercado. | ||
| 521 | _aDirigido a estudiantes técnicos, tecnólogos, de pregrado, posgrados y maestrías de logística y profesionales involucrados en el tema de la gestión logística del transporte y distribución de mercancías y las entregas de home delivery. | ||
| 650 |
_aLOGÍSTICA EMPRESARIAL _9195 |
||
| 650 |
_aOPERACIONES Y PROYECTOS _95926 |
||
| 653 | _aTRANSPORTE DE CARGA | ||
| 653 | _aTRANSPORTE DE MERCANCÍAS | ||
| 653 | _aLOGÍSTICA EN LOS NEGOCIOS | ||
| 942 |
_2ddc _cBK _n0 _e21 |
||
| 999 |
_c5515 _d5515 |
||